Viage a Cadiz de un miliciano nacional de Madrid en 1823 / (Registro nro. 53644)

Detalles MARC
000 -LEADER
campo de control de longitud fija 00771nam a2200217 i 4500
001 - NÚMERO DE CONTROL
campo de control 53644
003 - IDENTIFICADOR DE NÚMERO DE CONTROL
campo de control ES-MaACL
005 - FECHA Y HORA DE LA ÚLTIMA TRANSACCIÓN
campo de control 20230906162813.0
007 - CAMPO FIJO DE DESCRIPCIÓN FÍSICA--INFORMACIÓN GENERAL
campo de control de longitud fija t|
008 - DATOS DE LONGITUD FIJA--INFORMACIÓN GENERAL
campo de control de longitud fija 960702s1835 sp |||| | spa d
040 ## - FUENTE DE CATALOGACIÓN
Centro catalogador/agencia de origen CAM
Lengua de catalogación spa
Centro/agencia transcriptor CAM
080 ## - NÚMERO DE LA CLASIFICACIÓN DECIMAL UNIVERSAL
Número de la Clasificación Decimal Universal 355.48(460)"1823"
100 1# - ENTRADA PRINCIPAL--NOMBRE DE PERSONA
Nombre de persona Fernandez, Agustín Severiano.
9 (RLIN) 49329
245 10 - MENCIÓN DEL TÍTULO
Título Viage a Cadiz de un miliciano nacional de Madrid en 1823 /
Mención de responsabilidad, etc. por D. Agustín Severiano Fernández.
260 ## - PUBLICACIÓN, DISTRIBUCIÓN, ETC.
Lugar de publicación, distribución, etc. Madrid :
Nombre del editor, distribuidor, etc. [s.n.],
Fecha de publicación, distribución, etc. 1835 (
Fabricante Imp. de D. León Amarita)
300 ## - DESCRIPCIÓN FÍSICA
Extensión VI, 74 p. ;
Dimensiones 15 cm.
530 ## - NOTA DISPONIBLE DE FORMULARIO FÍSICO ADICIONAL
Nota de formato físico adicional disponible Disponible en formato digital.
650 #4 - PUNTO DE ACCESO ADICIONAL DE MATERIA--TÉRMINO DE MATERIA
Término de materia o nombre geográfico como elemento de entrada Trocadero, Batalla de, 1823.
9 (RLIN) 165109
852 ## - LOCALIZACIÓN
Ubicación ES-MaACL
Número de control de estantería T-1458-F-1
856 ## - LOCALIZACIÓN Y ACCESO ELECTRÓNICOS
Identificador Uniforme de Recursos <a href="http://bdh-rd.bne.es/viewer.vm?id=0000081258&page=1 ">http://bdh-rd.bne.es/viewer.vm?id=0000081258&page=1 </a>
Nota pública Biblioteca Digital Hispánica
Existencias
Estatus retirado Estado de pérdida Estado de daño No para préstamo Colección Biblioteca de origen Biblioteca actual Ubicación en estantería Fecha de adquisición Fuente de adquisición Total de préstamos Signatura topográfica completa Código de barras Visto por última vez Precio de reemplazo Tipo de ítem Koha
        Colección de folletos Biblioteca del Ateneo de Madrid Biblioteca del Ateneo de Madrid Depósito folletos 17/01/2008     T-1458-F-1 1056367 23/02/2023 23/02/2023 Folleto